| 000 | 00932nam a22002897a 4500 | ||
|---|---|---|---|
| 001 | 6927 | ||
| 003 | FISKH | ||
| 005 | 20250610103211.0 | ||
| 008 | 250610b cb ||||| |||| 00| 0 eng d | ||
| 020 | _a9780545042222 | ||
| 040 |
_aFISKH _beng _cFISKH _dFISKH |
||
| 050 | _aPE1450 .T753 | ||
| 082 | _a428.2 | ||
| 100 | _aTruss, Lynne | ||
| 245 |
_aEats, shoots & leaves: _bWhy, commas really do make a difference! _cby Lynne Truss ; Illustrated by Bonnie Timmons |
||
| 250 | _aFirst Scholastic, 2007 | ||
| 260 |
_aNew York : _bScholastic, _c2006. |
||
| 300 |
_a30 unnumbered pages : _bcolor illstrations ; _c18 x 27 cm |
||
| 505 | _aP | ||
| 520 | _aSee how using (or not using) a comma can change the meaning of a sentence. | ||
| 521 | 8 |
_a630
_bLexile estimate |
|
| 521 | 8 |
_aP
_bRaz-Plus |
|
| 650 |
_aConventions _vWriting |
||
| 700 |
_aTimmons, Bonnie _eillustrator |
||
| 942 |
_2ddc _cBK _n0 |
||
| 999 |
_c6927 _d6927 |
||